| 000 | 00698cam a22002413a 4500 | ||
|---|---|---|---|
| 001 | 24242 | ||
| 003 | PGUSA | ||
| 005 | 20140828083522.0 | ||
| 008 | 080111s2008||||xxu|||||s|||||000 | eng d | ||
| 040 |
_aPGUSA _beng |
||
| 042 | _adc | ||
| 050 | 4 | _aBV | |
| 100 | 1 |
_aChampness, Thomas, _d1832-1905 |
|
| 245 | 1 | 0 |
_aBroken Bread : _bfrom an Evangelist's Wallet _h[electronic resource] / _cThomas Champness |
| 260 |
_bProject Gutenberg, _c2008 |
||
| 506 | _aPublic domain in the USA. | ||
| 516 | _aElectronic text | ||
| 653 | _aChristian life -- Methodist authors | ||
| 653 | _aMeditations | ||
| 830 | 0 |
_aProject Gutenberg _v24242 |
|
| 856 | 4 | 0 | _uhttp://www.gutenberg.org/ebooks/24242 |
| 942 | _cEB | ||
| 999 |
_c253497 _d253497 |
||